|
|
|
|
| LEADER |
00000nas a2200000 i 4500 |
| 001 |
ssj0001286428 |
| 003 |
WaSeSS |
| 005 |
20200512172242.0 |
| 006 |
m d |
| 007 |
cr n |
| 008 |
121212c20129999fr ar s s i0 0eng |
| 010 |
|
|
|a 2014233017
|
| 022 |
|
|
|a 2307-843X
|l 2307-8421
|y 2307-8421
|
| 024 |
7 |
|
|a 10.1787/2307843x
|2 doi
|
| 035 |
|
|
|a (WaSeSS)ssj0001286428
|
| 040 |
|
|
|a AU@
|b eng
|e pn
|c AU@
|d OCLCO
|d OCLCQ
|d GUA
|d CEF
|d UV0
|d OCLCF
|d SERSO
|d COO
|d TXA
|d OCL
|d OCLCQ
|d OCLCA
|d OCLCE
|d FIE
|d UWO
|d WaSeSS
|
| 042 |
|
|
|a pcc
|
| 050 |
1 |
4 |
|a HG8045
|b .I57
|
| 210 |
1 |
|
|a OECD insur. stat.
|b (Online)
|
| 222 |
|
0 |
|a OECD insurance statistics
|b (Online)
|
| 245 |
0 |
0 |
|a OECD insurance statistics
|h [electronic resource].
|
| 260 |
|
|
|a Paris :
|b OECD Publishing,
|c [2013]-
|
| 362 |
1 |
|
|a Began with: 2012.
|
| 500 |
|
|
|a Chiefly statistical tables.
|
| 506 |
|
|
|a License restrictions may limit access.
|
| 515 |
|
|
|a Volumes for 2012- cover period 2004/2011-
|
| 588 |
|
|
|a Description based on: 2012; title from PDF title page (oecd, viewed February 4, 2015).
|
| 588 |
|
|
|a Latest issue consulted: 2013 (oecd, viewed February 4, 2015).
|
| 650 |
|
0 |
|a Insurance
|z OECD countries
|v Statistics
|v Periodicals.
|
| 650 |
|
0 |
|a Insurance
|v Statistics
|v Periodicals.
|
| 650 |
|
7 |
|a Insurance.
|2 fast
|0 (OCoLC)fst00974532
|
| 650 |
1 |
7 |
|a Verzekeringswezen.
|2 gtt
|
| 651 |
|
7 |
|a OECD countries.
|2 fast
|0 (OCoLC)fst01277092
|
| 653 |
|
|
|a Finance and Investment
|
| 655 |
|
0 |
|a Electronic journals.
|
| 710 |
2 |
|
|a Organisation for Economic Co-operation and Development.
|
| 775 |
0 |
8 |
|i French online version:
|t OECD insurance statistics. French. Statistiques de l'OCDE sur les assurances
|x 2226-5805
|w (DLC) 2016263026
|w (OCoLC)823515273
|
| 776 |
0 |
8 |
|i Print version:
|t OECD insurance statistics
|x 2307-8421
|w (DLC) 2013234500
|w (OCoLC)860718169
|
| 780 |
0 |
1 |
|t Insurance statistics yearbook
|x 1996-1987
|w (OCoLC)655565173
|
| 856 |
4 |
0 |
|z Full text available from Research Library: 01/01/2013 to 6 months ago
|u https://search.proquest.com/publication/2032789
|